| 000 | 00607nam a22002057a 4500 | ||
|---|---|---|---|
| 999 |
_c8748 _d8748 |
||
| 003 | AR-CdUCM | ||
| 008 | 190325b ||||| |||| 00| 0 spa d | ||
| 040 |
_aMUNICIPALIDAD PROVINCIAL DEL CUSCO _cBIBLIOTECA MUNICIPAL DEL CUSCO |
||
| 082 |
_a869.558 / _bP17 |
||
| 100 |
_aPalma, Ricardo, _9304 |
||
| 245 | _aLa bohemia de mi tiempo / | ||
| 260 |
_aLima : _bEl siglo, _c1971. |
||
| 300 |
_a71 paginas ; _c17 cm. |
||
| 505 | _aContenido : Literatura | ||
| 650 |
_aLiteratura peruana _9169 |
||
| 650 |
_aHistoria y crÃtica _95993 |
||
| 650 |
_aRicardo Palma _923917 |
||
| 942 |
_2ddc _cLIBROS |
||
| 945 | _awnts | ||